000 00283nam a2200109Ia 4500
008 200302s9999 xx 000 0 und d
100 _aLuis R. Gomez-Mejia
245 _aManaging Human Resources 5th ed.
260 _bP H I Learning Private Limited
260 _c2009
300 _a639 P.,
999 _c2528
_d2528